[Event "Bad Woerishofen op"]
[Site "?"]
[Date "2000.??.??"]
[Round "4"]
[White "Woerl, Richard"]
[Black "Florea, Dan"]
[Result "0-1"]
[WhiteElo "2120"]
[BlackElo "2274"]
[PlyCount "80"]
[EventDate "2000.??.??"]

1. e4 c5 2. c3 d5 3. exd5 Qxd5 4. d4 cxd4 5. cxd4 Nc6 6. Nf3 e6 7. Be2 Nf6 8.
O-O Be7 9. Bf4 O-O 10. Nc3 Qd8 11. Rc1 Nd5 12. Nxd5 Qxd5 13. Bc4 Qf5 14. Bg3
Rd8 15. Re1 Bf6 16. Bd3 Qd5 17. Rc5 Qxa2 18. Rh5 g6 19. Bh4 Bxh4 20. Rxh4 Qxb2
21. Ng5 Rxd4 22. Rxh7 Ne5 23. Rh3 Nxd3 24. Rxd3 e5 25. Rxd4 exd4 26. Re7 Bg4
27. Qe1 Rf8 28. f3 d3 29. Ne4 Bf5 30. Nd2 Rc8 31. Re8+ Rxe8 32. Qxe8+ Kg7 33.
Qe1 Qd4+ 34. Kf1 b5 35. g4 Be6 36. Kg2 a5 37. Qh4 Bd5 38. Kg3 a4 39. Ne4 Bxe4
40. g5 d2 0-1

[Event "Bad Woerishofen op"]
[Site "?"]
[Date "2000.??.??"]
[Round "6"]
[White "Woerl, Richard"]
[Black "Neumann, Peter"]
[Result "1-0"]
[WhiteElo "2120"]
[BlackElo "1748"]
[PlyCount "57"]
[EventDate "2000.??.??"]

1. e4 c6 2. d4 d5 3. exd5 cxd5 4. Bd3 Nc6 5. c3 Nf6 6. Bf4 Bg4 7. f3 Bh5 8. Nd2
e6 9. Ne2 Bd6 10. Bg3 Qc7 11. a4 Bg6 12. Qb1 Bxd3 13. Qxd3 Nh5 14. Bxd6 Qxd6
15. Qe3 Nf6 16. O-O O-O 17. f4 Ne7 18. Ng3 Ng6 19. f5 exf5 20. Rxf5 h6 21. Raf1
Rae8 22. Qd3 Ng4 23. R5f3 Ne7 24. h3 Nf6 25. Rf4 Ng6 26. Rxf6 gxf6 27. Nf5 Qd8
28. Qf3 Ne7 29. Qg4+ 1-0

[Event "Bad Woerishofen op"]
[Site "?"]
[Date "2000.??.??"]
[Round "8"]
[White "Woerl, Richard"]
[Black "Braun, Peter"]
[Result "0-1"]
[WhiteElo "2124"]
[BlackElo "2268"]
[PlyCount "124"]
[EventDate "2000.??.??"]

1. e4 c6 2. d4 d5 3. exd5 cxd5 4. Bd3 Nc6 5. c3 Nf6 6. h3 e5 7. dxe5 Nxe5 8.
Qe2 Qe7 9. Bb5+ Bd7 10. Be3 Bxb5 11. Qxb5+ Qd7 12. Qe2 Qe6 13. Nd2 Bd6 14. Ngf3
Nxf3+ 15. Nxf3 O-O 16. O-O Rfe8 17. g3 Bc5 18. Rfe1 Bxe3 19. Qxe3 Qxe3 20. Rxe3
Rxe3 21. fxe3 Re8 22. Kf2 Re6 23. Rc1 Rb6 24. Rc2 Kf8 25. Nd4 Ne4+ 26. Ke2 Rg6
27. Ke1 a6 28. c4 dxc4 29. Rxc4 Nd6 30. Rc2 Ke7 31. Kf2 Kd7 32. Nf3 Re6 33. Nd4
Rf6+ 34. Ke2 h6 35. Kd3 Rf1 36. Rd2 Ke7 37. Rc2 Rd1+ 38. Ke2 Rg1 39. Kf2 Rb1
40. Nb3 Nc4 41. Nc5 Rxb2 42. Rxb2 Nxb2 43. Nxb7 Nc4 44. a4 Kf6 45. Ke2 Ke5 46.
Nc5 a5 47. Nb3 Kd5 48. Kf3 Ne5+ 49. Kf4 Nc6 50. Nd2 Kc5 51. g4 Kb4 52. g5 hxg5+
53. Kxg5 Kxa4 54. h4 Kb4 55. h5 a4 56. Nb1 Ne5 57. e4 Nc4 58. Kf5 Kb3 59. e5
Kb2 60. Nd2 Nxd2 61. e6 fxe6+ 62. Kxe6 Ne4 0-1

[Event "Bad Woerishofen op"]
[Site "?"]
[Date "2000.??.??"]
[Round "9"]
[White "Woerl, Richard"]
[Black "Rudolph, Peter"]
[Result "0-1"]
[WhiteElo "2120"]
[BlackElo "2201"]
[PlyCount "78"]
[EventDate "2000.??.??"]

1. e4 c5 2. c3 d5 3. exd5 Qxd5 4. d4 Nf6 5. Nf3 e6 6. Bd3 Be7 7. O-O O-O 8. Qe2
cxd4 9. cxd4 Nc6 10. Be3 Nb4 11. Nc3 Qd8 12. Bc4 Nbd5 13. Rae1 a6 14. Bg5 b5
15. Nxd5 bxc4 16. Nxe7+ Qxe7 17. Ne5 h6 18. Nc6 Qb7 19. Bxf6 Qxc6 20. Qg4 g6
21. Re5 Rb8 22. Rh5 e5 23. Qh4 gxh5 24. dxe5 Kh7 25. Qxh5 Qe6 26. Qe2 Rg8 27.
f3 Rg6 28. Qc2 Qb6+ 29. Rf2 Qd4 30. h4 Qd3 31. Qa4 Be6 32. Qxa6 Qd1+ 33. Kh2 c3
34. h5 Rgg8 35. Qc6 Qd4 36. bxc3 Qf4+ 37. Kg1 Rb1+ 38. Rf1 Qe3+ 39. Kh2 Rxf1
0-1

[Event "Bad Woerishofen op"]
[Site "?"]
[Date "2000.??.??"]
[Round "2"]
[White "Wollsdorf, Friedrich"]
[Black "Heil, Walter"]
[Result "0-1"]
[WhiteElo "1773"]
[BlackElo "2080"]
[PlyCount "103"]
[EventDate "2000.??.??"]

1. d4 f5 2. e4 fxe4 3. Nc3 Nf6 4. Bg5 Nc6 5. Bb5 e6 6. Nxe4 Be7 7. Bxc6 bxc6 8.
Bxf6 Bxf6 9. Qh5+ g6 10. Qh6 Qe7 11. Nxf6+ Qxf6 12. Nf3 Bb7 13. O-O-O O-O-O 14.
Rd3 Rdf8 15. Rhd1 Qf4+ 16. Qxf4 Rxf4 17. Ra3 a6 18. Rb3 Rhf8 19. Rdd3 d6 20.
Rbc3 h6 21. h4 R4f5 22. Re3 Kd7 23. b4 a5 24. a3 a4 25. Rcd3 Ba6 26. Rd2 g5 27.
hxg5 hxg5 28. Re4 Rg8 29. Nh2 Rh8 30. Ng4 Rf4 31. f3 Ke7 32. Ne3 Rh2 33. c4
Rxe4 34. fxe4 Rh4 35. Kc2 Rxe4 36. Kd3 d5 37. Rc2 Rh4 38. Re2 Kf6 39. Rf2+ Rf4
40. Rb2 dxc4+ 41. Nxc4 Rg4 42. Rf2+ Ke7 43. Rc2 Rg3+ 44. Ke4 Bxc4 45. Rxc4 Kd6
46. Rc5 Rxa3 47. Rxg5 Rb3 48. g4 Rxb4 49. Ra5 a3 50. g5 Rb5 51. Rxb5 cxb5 52.
g6 0-1

[Event "Bad Woerishofen op"]
[Site "?"]
[Date "2000.??.??"]
[Round "5"]
[White "Wollsdorf, Friedrich"]
[Black "Brueckner, Wolfgang"]
[Result "1-0"]
[WhiteElo "1773"]
[BlackElo "1538"]
[PlyCount "65"]
[EventDate "2000.??.??"]

1. d4 Nf6 2. Nd2 g6 3. e4 d6 4. f4 Bg7 5. Ngf3 O-O 6. Bd3 c5 7. c3 cxd4 8. cxd4
Nc6 9. Nb3 e5 10. fxe5 dxe5 11. d5 Nd4 12. O-O Nh5 13. Kh1 Bg4 14. Nbxd4 exd4
15. Qb3 Qc7 16. Bd2 Bxf3 17. Rxf3 Be5 18. g3 Bxg3 19. hxg3 Nxg3+ 20. Kg2 Nh5
21. Raf1 a5 22. a4 b6 23. Bh6 Ng7 24. Rxf7 Rxf7 25. d6 Qd7 26. Rxf7 Qg4+ 27.
Kf1 Ne6 28. Re7 Qf3+ 29. Ke1 Qh1+ 30. Ke2 Qg2+ 31. Kd1 Qf3+ 32. Kc2 Rc8+ 33.
Rc7 1-0

[Event "Bad Woerishofen op"]
[Site "?"]
[Date "2000.??.??"]
[Round "6"]
[White "Wollsdorf, Friedrich"]
[Black "Pohlers, Juergen"]
[Result "1/2-1/2"]
[WhiteElo "1773"]
[BlackElo "2136"]
[PlyCount "86"]
[EventDate "2000.??.??"]

1. d4 d5 2. e3 c5 3. c3 e6 4. f4 Nc6 5. Nf3 h6 6. Bd3 g5 7. O-O gxf4 8. exf4
Nf6 9. Qe2 Be7 10. Kh1 cxd4 11. cxd4 Bd7 12. a3 Qb6 13. Be3 Ng4 14. Bg1 f5 15.
b4 a6 16. Nbd2 O-O-O 17. Rfc1 Kb8 18. h3 h5 19. Nb3 Nf6 20. Ng5 Ne4 21. Nxe4
fxe4 22. Bxe4 Nxb4 23. axb4 dxe4 24. d5 e3 25. Bxe3 Qxb4 26. Bd4 Bb5 27. Qxe6
Bd7 28. Qe3 Rhe8 29. Bc3 Qb5 30. Ra5 Bd6 31. Be5 Qb4 32. Raa1 Bb5 33. Nd4 Bxe5
34. fxe5 Rxd5 35. Nxb5 Rxb5 36. Re1 Re6 37. Qg3 Qe7 38. Ra4 Ka7 39. Rae4 Qe8
40. Qe3+ Ka8 41. Qg5 Ka7 42. Qe3+ Ka8 43. Qg5 Ka7 1/2-1/2

[Event "Bad Woerishofen op"]
[Site "?"]
[Date "2000.??.??"]
[Round "8"]
[White "Wollsdorf, Friedrich"]
[Black "Klein, Reinhard"]
[Result "1-0"]
[WhiteElo "1773"]
[BlackElo "1555"]
[PlyCount "67"]
[EventDate "2000.??.??"]

1. d4 Nf6 2. Nd2 g6 3. e4 d6 4. Bc4 Bg7 5. Ngf3 O-O 6. O-O Nxe4 7. Nxe4 d5 8.
Bd3 dxe4 9. Bxe4 c6 10. c3 Qc7 11. Bg5 Bg4 12. h3 Bxf3 13. Qxf3 Nd7 14. Bxe7
Rfe8 15. Bg5 Nf8 16. Bf4 Qb6 17. b4 Ne6 18. Be3 Qc7 19. a4 Rab8 20. a5 a6 21.
Rfd1 f5 22. Bc2 f4 23. Bd2 Kh8 24. Bb3 g5 25. Qg4 Qd6 26. Bxe6 Rxe6 27. Qxg5
Bh6 28. Qc5 Qd7 29. Re1 Rxe1+ 30. Rxe1 Rg8 31. Re7 Qxh3 32. Qe5+ Bg7 33. Qxg7+
Rxg7 34. Re8+ 1-0

[Event "Bad Woerishofen op"]
[Site "?"]
[Date "2000.??.??"]
[Round "2"]
[White "Zickelbein, Eva Maria"]
[Black "Dittler, Volkfried"]
[Result "1-0"]
[WhiteElo "1967"]
[BlackElo "1654"]
[PlyCount "113"]
[EventDate "2000.??.??"]

1. e4 c5 2. Nc3 Nc6 3. f4 d6 4. Bc4 Nf6 5. Nf3 g6 6. O-O Bg7 7. d3 O-O 8. f5 e6
9. Qe1 exf5 10. Qh4 Be6 11. Bg5 Bxc4 12. dxc4 h6 13. Bxh6 Nxe4 14. Bg5 Bd4+ 15.
Kh1 f6 16. Nxe4 fxe4 17. Qxe4 Qe8 18. Qd5+ Qf7 19. Nxd4 Qxd5 20. cxd5 Nxd4 21.
Bh6 Rf7 22. c3 Nf5 23. Bf4 g5 24. Bd2 Ne7 25. c4 Ng6 26. Bc3 Ne5 27. b3 Kg7 28.
Rae1 Re7 29. Re4 Rae8 30. g3 Kg6 31. Kg2 f5 32. Ree1 Ng4 33. Rxe7 Rxe7 34. Re1
Rxe1 35. Bxe1 Ne5 36. Bd2 Nd3 37. h4 gxh4 38. gxh4 Kh5 39. Bg5 Ne5 40. Be7 Nf7
41. Kg3 a6 42. Kf4 b5 43. Kxf5 bxc4 44. bxc4 Ne5 45. Bxd6 Nxc4 46. Bxc5 Kxh4
47. d6 Nxd6+ 48. Bxd6 Kh3 49. Ke5 Kg2 50. Kd5 Kf3 51. Kc6 Ke4 52. a4 Kd4 53. a5
Kc4 54. Bc5 Kb3 55. Kb6 Kc4 56. Kxa6 Kxc5 57. Kb7 1-0

[Event "Bad Woerishofen op"]
[Site "?"]
[Date "2000.??.??"]
[Round "4"]
[White "Zickelbein, Eva Maria"]
[Black "Haecker, Roland"]
[Result "1/2-1/2"]
[WhiteElo "1967"]
[BlackElo "1689"]
[PlyCount "46"]
[EventDate "2000.??.??"]

1. e4 c5 2. Nc3 Nc6 3. f4 d6 4. Bc4 e6 5. d3 a6 6. a4 g6 7. Nf3 Bg7 8. f5 Nf6
9. Bg5 h6 10. Bxf6 Bxf6 11. O-O O-O 12. Qd2 Bg7 13. fxg6 fxg6 14. Kh1 Kh7 15.
Rae1 Qe7 16. Ne2 Bd7 17. d4 cxd4 18. Nexd4 Ne5 19. Nxe5 Bxe5 20. Nf3 Bg7 21. a5
Bc6 22. Nd4 Bd7 23. c3 Rac8 1/2-1/2

[Event "Bad Woerishofen op"]
[Site "?"]
[Date "2000.??.??"]
[Round "6"]
[White "Zickelbein, Eva Maria"]
[Black "Wittfoth, Kai-Uwe"]
[Result "0-1"]
[WhiteElo "1967"]
[BlackElo "2151"]
[PlyCount "124"]
[EventDate "2000.??.??"]

1. f4 d5 2. Nf3 c5 3. e3 Nc6 4. Bb5 Bd7 5. b3 Nf6 6. Bb2 e6 7. Bxc6 Bxc6 8. Ne5
Rc8 9. d3 Be7 10. Nd2 b5 11. O-O O-O 12. Qe1 Nd7 13. Nxc6 Rxc6 14. e4 Bf6 15.
Bxf6 Qxf6 16. e5 Qg6 17. a4 b4 18. Rf3 f6 19. Rg3 Qh6 20. Qe3 fxe5 21. fxe5
Qxe3+ 22. Rxe3 Rf5 23. Nf3 Rc8 24. a5 a6 25. Ra4 Kf8 26. h3 d4 27. Re2 Ke7 28.
Ra1 Rcf8 29. Rae1 Kd8 30. Nd2 Kc7 31. Nc4 Kc6 32. Ra1 Ra8 33. g4 Rff8 34. Kg2
Rf4 35. Kg3 Raf8 36. Rae1 Rf1 37. Kg2 R1f3 38. Nd2 R3f7 39. Ne4 h6 40. Nd6 Rf4
41. Kg3 Rf1 42. Nc4 Kd5 43. Rxf1 Rxf1 44. Kg2 Rc1 45. Kg3 g6 46. Kg2 Rd1 47.
Kf2 h5 48. Kg2 h4 49. Kf2 g5 50. Kg2 Rc1 51. Kh2 Rf1 52. Kg2 Ra1 53. Kf2 Rc1
54. Kg2 Nf8 55. Nb6+ Kc6 56. Rf2 Ng6 57. Rf6 Nf4+ 58. Kf3 Rxc2 59. Rf8 Rd2 60.
Ke4 Rxd3 61. Rc8+ Kb5 62. Nc4 Rxb3 0-1

[Event "Bad Woerishofen op"]
[Site "?"]
[Date "2000.??.??"]
[Round "8"]
[White "Zickelbein, Eva Maria"]
[Black "Zyla, Winfried"]
[Result "1-0"]
[WhiteElo "1967"]
[BlackElo "2181"]
[PlyCount "53"]
[EventDate "2000.??.??"]

1. e4 g6 2. d4 Bg7 3. Nc3 c6 4. Be2 d6 5. h4 h5 6. Nf3 Nh6 7. Ng5 e5 8. d5 c5
9. Bb5+ Nd7 10. Ne6 fxe6 11. dxe6 O-O 12. exd7 Bxd7 13. Qxd6 Bxb5 14. Qxd8
Raxd8 15. Nxb5 a6 16. Nc3 Nf7 17. Be3 c4 18. Ke2 Rd7 19. Rad1 Rfd8 20. Nd5 Nd6
21. f3 Kf7 22. Bg5 Rc8 23. Nb6 Rcc7 24. Nxd7 Rxd7 25. Rd5 Ke6 26. Rhd1 Bf8 27.
f4 1-0

[Event "Bad Woerishofen op"]
[Site "Bad Woerishofen"]
[Date "2000.??.??"]
[Round "1"]
[White "Zyla, Winfried"]
[Black "Schoenstein, Thomas"]
[Result "1-0"]
[WhiteElo "2181"]
[BlackElo "1750"]
[PlyCount "54"]
[EventDate "1998.03.05"]
[Source "ChessBase"]
[SourceDate "1998.04.29"]

1. e4 c5 2. Nc3 Nc6 3. g3 Nf6 4. Bg2 e6 5. d3 g6 6. Nf3 d5 7. O-O Bg7 8. exd5
Nxd5 9. Nxd5 exd5 10. Re1+ Ne7 11. Qe2 h6 12. Be3 d4 13. Bd2 Be6 14. b4 O-O 15.
bxc5 Qc7 16. Rab1 Bxa2 17. Bf4 Qxc5 18. Rxb7 Nd5 19. Be5 Rfe8 20. Qd2 Nc3 21.
Rc7 Qb6 22. Rd7 Bxe5 23. Nxe5 Rab8 24. Qxh6 a5 25. f4 a4 26. f5 a3 27. fxg6
fxg6 1-0

[Event "Bad Woerishofen op"]
[Site "?"]
[Date "2000.??.??"]
[Round "3"]
[White "Zyla, Winfried"]
[Black "Fuess, Marcus"]
[Result "1/2-1/2"]
[WhiteElo "2181"]
[BlackElo "1988"]
[PlyCount "46"]
[EventDate "2000.??.??"]

1. e4 d5 2. exd5 Qxd5 3. Qf3 Qxf3 4. Nxf3 Nc6 5. d4 Bg4 6. Nbd2 O-O-O 7. c3 e6
8. h3 Bh5 9. Be2 Nge7 10. Nc4 Bg6 11. Nce5 f6 12. Nxg6 Nxg6 13. Be3 Bd6 14. g3
a6 15. O-O-O Nce7 16. c4 Nf5 17. Bd2 c5 18. Ba5 Rd7 19. Bb6 cxd4 20. Nxd4 Nxd4
21. Rxd4 Bc7 22. Rxd7 Kxd7 23. Rd1+ Kc8 1/2-1/2

[Event "Bad Woerishofen op"]
[Site "?"]
[Date "2000.??.??"]
[Round "5"]
[White "Zyla, Winfried"]
[Black "Landau, Christian"]
[Result "1/2-1/2"]
[WhiteElo "2181"]
[BlackElo "2034"]
[PlyCount "36"]
[EventDate "2000.??.??"]

1. e4 c5 2. Nc3 Nc6 3. g3 g6 4. Bg2 Bg7 5. Nf3 d6 6. O-O e5 7. Ne2 Nge7 8. h3
h6 9. c3 Be6 10. d3 Qd7 11. Kh2 O-O 12. Be3 f5 13. Nd2 Rae8 14. f4 b6 15. Nf3
Kh7 16. Qc2 Rc8 17. Qd2 d5 18. exd5 Bxd5 1/2-1/2

[Event "Bad Woerishofen op"]
[Site "?"]
[Date "2000.??.??"]
[Round "7"]
[White "Zyla, Winfried"]
[Black "Taschner, Peter"]
[Result "1/2-1/2"]
[WhiteElo "2181"]
[BlackElo "2019"]
[PlyCount "20"]
[EventDate "2000.??.??"]

1. e4 d5 2. exd5 Qxd5 3. Qf3 Nf6 4. Qxd5 Nxd5 5. d4 c6 6. c3 Bf5 7. Nf3 h6 8.
Nbd2 Nd7 9. Bc4 e6 10. g3 Be7 1/2-1/2

[Event "Bad Woerishofen op"]
[Site "?"]
[Date "2000.??.??"]
[Round "9"]
[White "Zyla, Winfried"]
[Black "Popp, Michael"]
[Result "0-1"]
[WhiteElo "2181"]
[BlackElo "1887"]
[PlyCount "120"]
[EventDate "2000.??.??"]

1. e4 c5 2. Nc3 Nc6 3. g3 g6 4. Bg2 Bg7 5. Nf3 e6 6. d3 Nge7 7. O-O a6 8. a4
O-O 9. Ne2 Qc7 10. c3 d5 11. Be3 b6 12. Qc2 Bb7 13. Rac1 Rac8 14. b4 d4 15.
cxd4 cxb4 16. Qb3 Qd7 17. Rfd1 Rfd8 18. d5 exd5 19. Bxb6 Re8 20. Nf4 Bh6 21.
Bh3 f5 22. exd5 Bxf4 23. dxc6+ Qd5 24. Qxd5+ Nxd5 25. gxf4 Bxc6 26. Rxc6 Rxc6
27. Be3 Nc3 28. Re1 b3 29. Ne5 Rxe5 30. fxe5 b2 31. Bg2 Rc8 32. Bb7 Rc7 33.
Bxa6 Ne2+ 34. Kf1 Nc1 35. Bc4+ Rxc4 36. dxc4 b1=Q 37. Rxc1 Qe4 38. c5 f4 39. c6
fxe3 40. Re1 e2+ 41. Kg1 Qg4+ 42. Kh1 Qxa4 43. c7 Qc6+ 44. Kg1 Qxc7 45. Rxe2
Kf7 46. e6+ Ke7 47. Re3 Qf4 48. h3 g5 49. Kg2 h5 50. Kg1 g4 51. hxg4 Qxg4+ 52.
Kh2 Qd4 53. Kg2 Qd1 54. Re4 Qd5 55. f3 Qg5+ 56. Kh2 h4 57. Rg4 Qd2+ 58. Kh3 Qf2
59. Rxh4 Qxf3+ 60. Kh2 Kxe6 0-1